000 00840nam a2200265 i 4500
001 14952
003 ES-MaACL
005 20250707071432.0
007 t|
008 991122s1999 sp ||||1| spa d
020 _a84-89846-68-5
080 _a929 Collins, Wilkie
100 1 _aClarke, William M.
_939069
245 1 3 _aLa vida secreta de Wilkie Collins /
_cWilliam M. Clarke ; traducción, Iñaki García Pierola y Miren Jaio.
250 _a1ª ed.
260 _aBarcelona :
_bAlba,
_c1999.
300 _a477 p., [8] p. de lám. ;
_c21 cm.
490 1 _aA Clásica ;
_v1
600 1 4 _aCollins, Wilkie-
_xBiografías.
_939745
700 1 _aGarcía Pierola, Iñaki.
_955116
700 1 _aJaio, Miren.
_965938
830 0 _aA Clásica
_v1
_9180011
852 _aES-MaACL
_jL-22212
_bR.127548
999 _c14952
_d14952